000 00398nam a2200133Ia 4500
008 151001s9999||||xx |||||||||||||| ||und||
100 _aशशिकला साळगांवकर
245 _aकुणी काही म्हणा
250 _a1
260 _bराजेंद्र प्रकाशन ठाणे
260 _c1981
300 _a100
365 _b18
999 _c963827
_d963824